| 000 | nam a22 7a 4500 | ||
|---|---|---|---|
| 999 |
_c153733 _d153731 |
||
| 005 | 20200120125747.0 | ||
| 008 | 200120b sp ||||| |||| 00| 0 spa d | ||
| 020 | _a8481553816 | ||
| 050 | 0 | 4 |
_aKKT3482 _bO63 1998 |
| 100 | 1 | _aRodríguez García, José Antonio, | |
| 245 | 1 | 3 |
_aEl control de los medios de comunicación _c/ José Antonio Rodríguez García; Prólogo de Dionisio Llamazares Fernández |
| 250 | _a1a ed. | ||
| 260 |
_aMadrid, España : _bDykinson, _c1998 |
||
| 300 |
_axxix, 299 p. ; _c24 cm. |
||
| 500 | _aIncluye índice | ||
| 650 | 7 |
_2lemb _aMedios de comunicación masiva _yLey y legislacion _zEspaña |
|
| 650 | 7 |
_2lemb _aLibertad de prensa |
|
| 650 | 7 |
_2lemb _aLibertad de expresión |
|
| 700 | 1 |
_aLlamazares Fernández, Dionisio _ePrólogo |
|
| 942 |
_2lcc _cLIB |
||